000 00426nam a22001457a 4500
003 MACL
005 20170521120455.0
008 170521b xxu||||| |||| 00| 0 eng d
040 _cMACL
100 _aKaur Ravinder
_967161
245 _aToo Many Men , Too Few Women
_bSocial Consequences of Gender Ombalance in India and China
260 _aDelhi
_bOrient Blackswan
_c2016
650 _aSocial Science
_967162
942 _2ddc
_cBK
999 _c56341
_d56341